| 000 | 00702nam a2200229Ia 4500 | ||
|---|---|---|---|
| 001 | 16466 | ||
| 003 | GE_BSU | ||
| 008 | 181216s||||||||xx |||||||||||||| ||und|| | ||
| 020 | _a978-2011558169 | ||
| 040 | _cGE_BSU | ||
| 080 | _a811.133.1 | ||
| 100 | _aBerthet,Annie. Corina Brllant,emanuel daill,Caterine Hugont,Véronique M Kizirian, Monique Waendendries ` | ||
| 245 | _aAlter Ego + A1. Guide pédagogique : methode de francais | ||
| 260 | _aParis | ||
| 260 | _bHachette Français Langue Etrangère | ||
| 260 | _c2012 | ||
| 300 | _a256 p.:ill.;28cm. | ||
| 541 | _h88gel. | ||
| 653 | _aAlter Ego + A1 | ||
| 653 | _aფრანგული ენა,გრამატიკა | ||
| 942 | _cBK | ||
| 999 |
_c49537 _d49537 |
||